La Créance Jecker (Record no. 4835)

MARC details
000 -CABECERA
campo de control de longitud fija 00750nam a2200229 a 4500
001 - NÚMERO DE CONTROL
campo de control BRCA_5141
005 - FECHA Y HORA DE LA ÚLTIMA TRANSACCIÓN
campo de control 20190320204946.0
008 - DATOS DE LONGITUD FIJA--INFORMACIÓN GENERAL
campo de control de longitud fija 760413s1868 fr-#######---#000-0bfre-#
041 ## - CÓDIGO DE LENGUA
Código de lengua del texto/banda sonora o título independiente fre
044 ## - CÓDIGO DEL PAÍS DE LA ENTIDAD EDITORA/PRODUCTORA
Código MARC del país fr
050 #4 - SIGNATURA TOPOGRÁFICA DE LA BIBLIOTECA DEL CONGRESO
Número de clasificación F1233
Número de documento/Ítem .K47 1868
100 1# - ENTRADA PRINCIPAL--NOMBRE DE PERSONA
Nombre de persona Kératry, E. de
Fechas asociadas al nombre 1832-1904
9 (RLIN) 13133
245 10 - MENCIÓN DE TÍTULO
Título La Créance Jecker
Resto del título les indemnités francaises et les emprunts mexicains
Mención de responsabilidad, etc. par le Cte E. de Kératry.
260 ## - PUBLICACIÓN, DISTRIBUCIÓN, ETC.
Lugar de publicación, distribución, etc. París
Nombre del editor, distribuidor, etc. Librairie Internationale
Fecha de publicación, distribución, etc. 1868
300 ## - DESCRIPCIÓN FÍSICA
Extensión 158 p.
Dimensiones 24 cm.
500 ## - NOTA GENERAL
Nota general Estado físico: Cubierta deteriorada
500 ## - NOTA GENERAL
Nota general DD58
651 #4 - PUNTO DE ACCESO ADICIONAL DE MATERIA--NOMBRE GEOGRÁFICO
Nombre geográfico México
Subdivisión general Política gubernamental
Subdivisión cronológica 1861-1867
9 (RLIN) 13134
651 #4 - PUNTO DE ACCESO ADICIONAL DE MATERIA--NOMBRE GEOGRÁFICO
Nombre geográfico México
Subdivisión general Historia
Subdivisión cronológica Intervención y segundo imperio, 1861-1867
9 (RLIN) 4638
902 ## - CATALOGADOR
Iniciales GFM
942 ## - ELEMENTOS DE PUNTO DE ACCESO ADICIONAL (KOHA)
Fuente del sistema de clasificación o colocación Library of Congress Classification
Tipo de ítem Koha Libros
Holdings
Estado de retiro Estado de pérdida Estado dañado No para préstamo Localización permanente Ubicación/localización actual Fecha de adquisición Número de inventario Total de préstamos Signatura topográfica completa Código de barras Fecha visto por última vez Precio válido a partir de Tipo de ítem Koha
El ejemplar forma parte de la colección y puede ser consultado según las políticas vigentes.       Biblioteca del Museo Franz Mayer (Rogerio Casas-Alatriste) Biblioteca del Museo Franz Mayer (Rogerio Casas-Alatriste) 22/11/2010 DD58   F1233 .K47 1868 (DD58) 5485 22/03/2019 22/03/2019 Libros